000 00734nam a22002417a 4500
001 41046
003 UA-OsUOA
005 20230621122043.0
007 ta
008 20060913b un ||||| |||| 00| 0 ukr d
040 _aUA-OsUOA
_bukr
_cUA-OsUOA
_dUA-OsUOA
041 _aukr
080 _a821.161.2
090 _a821.161.2
_bС79
100 _aСтельмах М.
245 _aКров людська — не водиця
_bроман
_cМихайло Стельмах
260 _aК.
_bДніпро
_c1967
300 _a266 с.
650 7 _a82 Література. Літературознавство
_2UDC
942 _cBK
_2udc
955 _a2
999 _c327194
_d327194